Metric handbook: planning and design data (Record no. 32544)

MARC details
000 -LEADER
fixed length control field 00504nam a2200181Ia 4500
020 ## - INTERNATIONAL STANDARD BOOK NUMBER
ISBN 9780415725422
050 ## - CALL MARK
Classification number TH 2031 .B89/
100 ## - STATEMENT OF RESPONSIBILITY--MAIN AUTHOR NAME
Personal name Edited by Pamela Buxton.
245 #0 - TITLE STATEMENT
Title Metric handbook: planning and design data
250 ## - EDITION / VOLUME STATEMENT
Edition / Volume statement 5th ed.
260 ## - PUBLICATION, DISTRIBUTION, ETC. (IMPRINT)
Place of publication London & New York
260 ## - PUBLICATION, DISTRIBUTION, ETC. (IMPRINT)
Name of publisher Routledge taylor & francis group
260 ## - PUBLICATION, DISTRIBUTION, ETC. (IMPRINT)
Year of publication 2015
650 ## - SUBJECT ADDED ENTRY--TOPICAL TERM
Topical Term Building--Details--Drawings. Metric system.
942 ## - ADDED ENTRY ELEMENTS (KOHA)
Koha item type Books
Holdings
Withdrawn status Lost status Source of classification or shelving scheme Damaged status Not for loan Permanent Location Current Location Shelving location Date acquired Accession Number Price effective from Koha item type
    Library of Congress Classification     NILE UNIVERSITY OF NIGERIA - MAIN LIBRARY NILE UNIVERSITY OF NIGERIA - MAIN LIBRARY Items on shelf 04/23/2025 0193066 04/23/2025 Books